01389nam a2200301 a 4500001001000000005001700010008004100027041000800068044000800076084002000084100004500104245012300149260003200272300004900304500012500353500007800478500011600556500006300672500001000735546002400745650005200769650005600821650003400877650004500911700003900956700004200995740005001037BRCA_331020190320204221.0190309s1870----enka---###---#000-0#eng-# aeng aenk a604b.B45c18701 aCervantes Saavedra, Miguel ded1547-161610aAdventures of Don Quixote de la ManchacTranslated from the Spanish of Miguel de Cervantes Saavedra by Charles Jarvis. aLondresbS. O. Beetonc1870 a1 v. en 2 partes (xxiv, 766 p.)bil.c22 cm. aContenido : Primera parte. Noticia sobre las obras de Cervantes. Prólogo del autor. Segunda parte. Prólogo del autor aEdición : Carefully Revised and Corrected. Illustrated by Tony Johannot aEjemplar igual al anterior [603]. Tela; planos y lomo decorados con asuntos quijotiles dorados Lúdovik Osterc aEstado físico : Encuadernación ligeramente desprendida aQM890 aTexto en : inglés14aNovela españolayÉpoca clásica, 1500-170014aLiteratura españolayÉpoca clásica, 1500-170014aNovela españolaySiglo XVII14aDon Quijote (Personaje ficticio)eNovela1 aJarvis, Charlesd?-1739eTraductor1 aJohannot, Tonyd1803-1852eIlustrador0 aEl Ingenioso Hidalgo Don Quijote de la Mancha